| 000 -LEADER |
| fixed length control field |
01372nam a22003377a 4500 |
| 001 - CONTROL NUMBER |
| control field |
21610 |
| 003 - CONTROL NUMBER IDENTIFIER |
| control field |
BD-DhUAP |
| 005 - DATE AND TIME OF LATEST TRANSACTION |
| control field |
20220620132015.0 |
| 008 - FIXED-LENGTH DATA ELEMENTS--GENERAL INFORMATION |
| fixed length control field |
090406s20002010enk b 001 0 eng d |
| 020 ## - INTERNATIONAL STANDARD BOOK NUMBER |
| International Standard Book Number |
9788130912790 |
| 040 ## - CATALOGING SOURCE |
| Original cataloging agency |
DLC |
| Transcribing agency |
DLC |
| Modifying agency |
BD-DhUAP |
| -- |
BD-DhUAP |
| Language of cataloging |
eng |
| 082 00 - DEWEY DECIMAL CLASSIFICATION NUMBER |
| Classification number |
820.99171241 McL |
| Edition number |
21 |
| 100 1# - MAIN ENTRY--PERSONAL NAME |
| Personal name |
McLeod, John, |
| Dates associated with a name |
1969- |
| 9 (RLIN) |
41257 |
| 245 10 - TITLE STATEMENT |
| Title |
Beginning postcolonialism / |
| Statement of responsibility, etc. |
John McLeod. |
| 260 ## - PUBLICATION, DISTRIBUTION, ETC. |
| Place of publication, distribution, etc. |
Manchester, U.K. ; |
| -- |
New York : |
| Name of publisher, distributor, etc. |
Manchester University Press : |
| -- |
Distributed exclusively in the USA by St. Martin's Press, |
| Date of publication, distribution, etc. |
2000. |
| 300 ## - PHYSICAL DESCRIPTION |
| Extent |
xii, 274 pages ; |
| Dimensions |
20 cm. |
| 490 1# - SERIES STATEMENT |
| Series statement |
Beginnings |
| 504 ## - BIBLIOGRAPHY, ETC. NOTE |
| Bibliography, etc. note |
Includes bibliographical references (pages [261]-268) and index. |
| 650 #0 - SUBJECT ADDED ENTRY--TOPICAL TERM |
| Topical term or geographic name entry element |
Commonwealth literature (English) |
| General subdivision |
History and criticism. |
| 9 (RLIN) |
41258 |
| 650 #0 - SUBJECT ADDED ENTRY--TOPICAL TERM |
| Topical term or geographic name entry element |
English literature |
| Chronological subdivision |
19th century |
| General subdivision |
History and criticism. |
| 9 (RLIN) |
41259 |
| 650 #0 - SUBJECT ADDED ENTRY--TOPICAL TERM |
| Topical term or geographic name entry element |
English literature |
| Chronological subdivision |
20th century |
| General subdivision |
History and criticism. |
| 9 (RLIN) |
41260 |
| 650 #0 - SUBJECT ADDED ENTRY--TOPICAL TERM |
| Topical term or geographic name entry element |
Postcolonialism |
| Geographic subdivision |
Commonwealth countries. |
| 9 (RLIN) |
41261 |
| 650 #0 - SUBJECT ADDED ENTRY--TOPICAL TERM |
| Topical term or geographic name entry element |
Postcolonialism in literature. |
| 9 (RLIN) |
41262 |
| 650 #0 - SUBJECT ADDED ENTRY--TOPICAL TERM |
| Topical term or geographic name entry element |
Imperialism in literature. |
| 9 (RLIN) |
41263 |
| 650 #0 - SUBJECT ADDED ENTRY--TOPICAL TERM |
| Topical term or geographic name entry element |
Colonies in literature. |
| 9 (RLIN) |
41264 |
| 651 #0 - SUBJECT ADDED ENTRY--GEOGRAPHIC NAME |
| Geographic name |
Commonwealth countries |
| General subdivision |
In literature. |
| 9 (RLIN) |
41265 |
| 651 #0 - SUBJECT ADDED ENTRY--GEOGRAPHIC NAME |
| Geographic name |
Developing countries |
| General subdivision |
In literature. |
| 9 (RLIN) |
41266 |
| 830 #0 - SERIES ADDED ENTRY--UNIFORM TITLE |
| Uniform title |
Beginnings (Manchester, England) |
| 9 (RLIN) |
41267 |
| 942 00 - ADDED ENTRY ELEMENTS (KOHA) |
| Koha issues (borrowed), all copies |
1 |
| Source of classification or shelving scheme |
|
| Koha item type |
Book |